000 01473nam1a2200301 i 4500
001 RU\NLR\bibl\129891
005 20241114182832.0
035 _a(NLR Aleph) 000127248
090 _a725990
_c725990
100 _a20010123g199320 u y0rusy50 ca
101 0 _arus
102 _aRU
105 _aa |||||||||
200 1 _aАвтоматизированная разработка систем управления
_eУчеб. пособие
_fК.А. Пупков, В.А. Серов
_gМоск. гос. техн. ун-т им. Н.Э. Баумана
210 _aМ.
_cИзд-во МГТУ
_d2000
215 _d20
463 0 _1001120236
606 _aАвтоматическое управление и регулирование
_jРуководства, пособия и т.п. для высшей школы
_xСистемы
_xПроектирование
_xАвтоматизация
_92081497
_3RU\NLR\auth\661257478
606 _aСАУ
_jУчебные издания для высшей школы
_xПроектирование
_xАвтоматизация
_92172888
_3RU\NLR\auth\661306985
686 _aЗ965-02-5-05я73-1
700 1 _aПупков
_bК. А.
_gКонстантин Александрович
_4070
701 1 _aСеров
_bВ. А.
_gВладимир Александрович
_4070
801 0 _aRU
_bNLR
_c20010123
_gPSBO
801 1 _aRU
_bNLR
_c20010123
830 _aАвт. по кн.
852 _aNLR
_j2000-4/9001
942 _cBOOK